00389nam a22001697a 4500003000400000005001700004008004100021020002200062040000700084041001200091082001000103100001800113245002100131260003600152300001500188600001600203OSt20231208130328.0231208b |||||||| |||| 00| 0 eng d a978-0-I4I-03578-9 cCC aEnglish a770.1 a Sontag Susan aOn Photography  aEnglandbPenguin Book Ltdc2008 a355PB9x6cm 2Photography